Česko-slovenský slovník

Salvato in:
Dettagli Bibliografici
Natura: Libro
Lingua:multilingua
Pubblicazione: Bratislava : Veda, 1979
Edizione:1.vyd.
Soggetti:
Accesso online:OBSAH
Tags: Aggiungi Tag
Nessun Tag, puoi essere il primo ad aggiungerne!!

MARC

LEADER 00000nam a22000003a 4500
001 stu35337
005 20150408180914.3
008 920415s1979----cs------------------mul-d
040 |a STU  |b slo 
041 0 |a mul 
044 |a cs 
080 |a 801.323.2=850=854 
245 |a Česko-slovenský slovník 
250 |a 1.vyd. 
260 |a Bratislava :  |b Veda,  |c 1979 
300 |a 790 s 
650 7 |a Slovníky česko-slovenské  |2 stusub 
856 4 |a https://sweb.mtf.stuba.sk/obsahy/ceskoslovensky_slovnik_79.PDF  |u https://sweb.mtf.stuba.sk/obsahy/ceskoslovensky_slovnik_79.PDF  |3 OBSAH 
996 |b 284M051332  |c M*2398-3  |l MMKN  |s A  |a 24  |w stu35337_0002